LEADER 01095nam a2200265 4500 001 000000355317 003 CaOOAMICUS 005 20230906110311.0 008 230906s2021 it 000 u ita r 020 $a978-88-6973-598-1 040 $aSeMil$bita 100 1 $aMarcone, Arnaldo,$d<1954- >.$0(OLS)http://semarc/name/25947 245 12$aL'ultimo anno dell'Impero :$bRoma: 476 d.C. /$cArnaldo Marcone. 264 1$aRoma :$bSalerno,$c2021. 300 $a201 p. ;$c20 cm 490 1 $aAculei ;$v45 650 4$aRoma antica - Storia.$0(OLS)http://semarc/subject/503 650 4$aImpero romano <27 a.C.-395> - Storia - Sec. 5.$0(OLS)http://semarc/subject/54256 830 0$aAculei ;$v45.$0(OLS)http://semarc/title/427530 850 $aSeMil 852 $aSeMil$W1$xVenegono$y1$m3S I 88$j243463$B246589$CSeMilBibl$Z2$F246589 $81 996 $6020$a978-88-6973-598-1$9(OLS)http://semarc/number/298839 996 $6245$aL'ultimo anno dell'Impero :$bRoma: 476 d.C.$9(OLS)http://semarc/title/445508 996 $6264$aRoma :$bSalerno$9(OLS)http://semarc/publisher/30165 LEADER 01040nam a2200241 i 4500 001 000000050904 003 CaOOAMICUS 005 19961114000000.0 008 961114n it u000 u mul u 013 $a22075 020 $a8831191721 040 $aSeMil$bita 245 10$aVerginitą e vedovanza. 650 4$aVerginitą.$0(OLS)http://semarc/subject/6547 700 1 $aGori, Franco,$d<1942- >.$0(OLS)http://semarc/name/16157 700 0 $aAmbrosius,$c.$0(OLS)http://semarc/name/904 773 0 $aAmbrosius $tOpere morali.$g2$w()1033 773 0 $aAmbrosius $tTutte le opere di Sant'Ambrogio.$dMilano : Biblioteca Ambrosiana ; Roma : Cittą Nuova, 1977-$bEd. bilingue$g14$w()1707 850 $aSeMil 852 $aSeMil$W1$xVenegono$y1$mSL1.V V 14/2$j17059$B17059$CSeMilBibl$Z2$F17059 $8I 961 $aSottoscrizione: Cittą Nuova (Agente) 996 $6020$a8831191721$9(OLS)http://semarc/number/24841 996 $6245$aVerginitą e vedovanza$9(OLS)http://semarc/title/47631